Jojo's Bizarre Adventure Pose Quiz - Statistics

General Stats
  • This quiz has been taken 131 times
    91 since last reset
  • The average score is 7 of 12
Answer Stats
Picture Answer % Correct
DIO / Diego Brando
91%
Pannacotta Fugo / Leone Abbacchio
91%
Johnny / Gyro
84%
Giorno Giovanna / Kishibe Rohan
83%
Josuke Higashikata
83%
Jonathan Joestar
79%
Jotaro Kujo
63%
Jolyne Cujoh
59%
Daniel J. D'arby
54%
Yukako Yamagishi / Risotto Nero
25%
Enrico Pucci
20%
The World
5%
No matching quizzes found
Score Distribution
Percent of People with Each Score
Percentile by Number Answered
Your Score History
You have not taken this quiz since the last reset